000 00947nam a2200253Ia 4500
003 GCL
008 140319s9999 xx 000 0 ara d
040 _aGCL /
_cGCL
082 0 4 _a341.44
_bم ق
100 1 _aمعهد البحوث والدراسات العربية
245 1 0 _aقانون البحار الجديد والمصالح العربية /
_cمعهد البحوث والدراسات العربية
700 1 _aمفيد شهاب
260 _a[S.N] :
_bالمنظمة الاسلامية للتربية والعلوم والثقافة ،
_c1977
300 _a303 ص
490 _a
650 0 4 _aالقانون
650 0 4 _aالقانون الدولى
650 0 4 _aالقانون البحرى
650 0 4 _aالقانون الدولى البحرى
650 0 4 _aالمنازعات الدولية
650 0 4 _aالسفن التجارية المسلحة
650 0 4 _aالمياه الاقليمية
942 _2ddc
_cBK
999 _c29027
_d29027